000 00781nam a22002417a 4500
999 _c5362
_d5362
001 12684
003 BD-DhUAP
005 20201209111414.0
008 201209s2002 ii a b 001 0 eng
020 _a9788120321069
040 _aDLC
_cDLC
_dBD-DhUAP
_bEng
082 0 0 _223
_a620.00151825 CHA
100 1 _aChandrupatla, Tirupathi R.
245 1 0 _aIntroduction to finite elements in engineering /
_cTirupathi R. Chandrupatla and Ashok D. Belegundu.
250 _a3rd ed.
260 _aNew Delhi :
_bPrentice Hall,
_cc2002.
300 _axviii, 453 pages :
_billustrations ;
_c24 cm.
504 _aIncludes bibliographical references and index.
650 0 _aFinite element method.
650 0 _aEngineering mathematics.
700 1 _aBelegundu, Ashok D.
942 _2ddc
_cBK